NFL 1,000 Yard Rushers of the 21st Century (2000-2024) - Statistics

General Stats
  • This quiz has been taken 147 times
  • The average score is 264 of 365
Answer Stats
Season Team Yardage Answer % Correct
2020 IND 1169 Jonathan Taylor
99%
2021 IND 1811 Jonathan Taylor
99%
2024 IND 1431 Jonathan Taylor
99%
2006 MIN 1216 Chester Taylor
98%
2008 CAR 1515 DeAngelo Williams
98%
2009 CAR 1117 DeAngelo Williams
98%
2018 TEN 1059 Derrick Henry
98%
2019 TEN 1540 Derrick Henry
98%
2020 TEN 2027 Derrick Henry
98%
2022 TEN 1538 Derrick Henry
98%
2023 TEN 1167 Derrick Henry
98%
2024 BAL 1921 Derrick Henry
98%
2000 JAX 1399 Fred Taylor
98%
2002 JAX 1314 Fred Taylor
98%
2003 JAX 1572 Fred Taylor
98%
2004 JAX 1224 Fred Taylor
98%
2006 JAX 1146 Fred Taylor
98%
2007 JAX 1202 Fred Taylor
98%
2023 LAR 1144 Kyren Williams
98%
2024 LAR 1299 Kyren Williams
98%
2018 NYG 1307 Saquon Barkley
98%
2019 NYG 1003 Saquon Barkley
98%
2022 NYG 1312 Saquon Barkley
98%
2024 PHI 2005 Saquon Barkley
98%
2000 NO 1000 Ricky Williams
97%
2001 NO 1245 Ricky Williams
97%
2002 MIA 1853 Ricky Williams
97%
2003 MIA 1372 Ricky Williams
97%
2009 MIA 1121 Ricky Williams
97%
2005 TB 1178 Cadillac Williams
96%
2018 CAR 1098 Christian McCaffrey
96%
2019 CAR 1387 Christian McCaffrey
96%
2022 CAR/SF 1139 Christian McCaffrey
96%
2023 SF 1459 Christian McCaffrey
96%
2022 DET 1066 Jamaal Williams
96%
2019 OAK 1150 Josh Jacobs
96%
2020 LVR 1065 Josh Jacobs
96%
2022 LVR 1653 Josh Jacobs
96%
2024 GB 1329 Josh Jacobs
96%
2003 HOU 1031 Domanick Williams
95%
2004 HOU 1188 Domanick Williams
95%
2002 BUF 1438 Travis Henry
95%
2003 BUF 1356 Travis Henry
95%
2006 TEN 1211 Travis Henry
95%
2019 GB 1084 Aaron Jones
94%
2020 GB 1104 Aaron Jones
94%
2022 GB 1121 Aaron Jones
94%
2024 MIN 1138 Aaron Jones
94%
2007 NYG 1009 Brandon Jacobs
94%
2008 NYG 1089 Brandon Jacobs
94%
2019 MIN 1135 Dalvin Cook
94%
2020 MIN 1557 Dalvin Cook
94%
2021 MIN 1159 Dalvin Cook
94%
2022 MIN 1173 Dalvin Cook
94%
2023 BUF 1122 James Cook
94%
2024 BUF 1009 James Cook
94%
2019 CLE 1494 Nick Chubb
93%
2020 CLE 1067 Nick Chubb
93%
2021 CLE 1259 Nick Chubb
93%
2022 CLE 1525 Nick Chubb
93%
2007 MIN 1341 Adrian Peterson
92%
2008 MIN 1760 Adrian Peterson
92%
2009 MIN 1383 Adrian Peterson
92%
2010 MIN 1298 Adrian Peterson
92%
2012 MIN 2097 Adrian Peterson
92%
2013 MIN 1266 Adrian Peterson
92%
2015 MIN 1485 Adrian Peterson
92%
2018 WAS 1042 Adrian Peterson
92%
2016 DAL 1631 Ezekiel Elliott
92%
2018 DAL 1434 Ezekiel Elliott
92%
2019 DAL 1357 Ezekiel Elliott
92%
2021 DAL 1002 Ezekiel Elliott
92%
2024 ATL 1456 Bijan Robinson
91%
2024 DET 1412 Jahmyr Gibbs
91%
2020 JAX 1070 James Robinson
91%
2006 DAL 1084 Julius Jones
91%
2004 DET 1133 Kevin Jones
91%
2005 CHI 1335 Thomas Jones
91%
2006 CHI 1210 Thomas Jones
91%
2007 NYJ 1119 Thomas Jones
91%
2008 NYJ 1312 Thomas Jones
91%
2009 NYJ 1402 Thomas Jones
91%
2018 CIN 1168 Joe Mixon
89%
2019 CIN 1137 Joe Mixon
89%
2021 CIN 1205 Joe Mixon
89%
2023 CIN 1034 Joe Mixon
89%
2024 HOU 1016 Joe Mixon
89%
2021 PIT 1200 Najee Harris
89%
2022 PIT 1034 Najee Harris
89%
2023 PIT 1035 Najee Harris
89%
2024 PIT 1043 Najee Harris
89%
2020 CHI 1070 David Montgomery
88%
2023 DET 1015 David Montgomery
88%
2001 SD 1236 LaDainian Tomlinson
88%
2002 SD 1683 LaDainian Tomlinson
88%
2003 SD 1645 LaDainian Tomlinson
88%
2004 SD 1335 LaDainian Tomlinson
88%
2005 SD 1462 LaDainian Tomlinson
88%
2006 SD 1815 LaDainian Tomlinson
88%
2007 SD 1474 LaDainian Tomlinson
88%
2008 SD 1110 LaDainian Tomlinson
88%
2019 BAL 1206 Lamar Jackson
88%
2020 BAL 1005 Lamar Jackson
88%
2007 BUF 1115 Marshawn Lynch
88%
2008 BUF 1036 Marshawn Lynch
88%
2011 SEA 1204 Marshawn Lynch
88%
2012 SEA 1590 Marshawn Lynch
88%
2013 SEA 1257 Marshawn Lynch
88%
2014 SEA 1306 Marshawn Lynch
88%
2005 STL 1046 Steven Jackson
88%
2006 STL 1528 Steven Jackson
88%
2007 STL 1002 Steven Jackson
88%
2008 STL 1042 Steven Jackson
88%
2009 STL 1416 Steven Jackson
88%
2010 STL 1241 Steven Jackson
88%
2011 STL 1145 Steven Jackson
88%
2012 STL 1045 Steven Jackson
88%
2022 DAL 1007 Tony Pollard
88%
2023 DAL 1005 Tony Pollard
88%
2024 TEN 1079 Tony Pollard
88%
2014 PIT 1361 Le'Veon Bell
87%
2016 PIT 1268 Le'Veon Bell
87%
2017 PIT 1291 Le'Veon Bell
87%
2009 BUF 1062 Fred Jackson
86%
2024 CAR 1195 Chuba Hubbard
85%
2016 ARI 1239 David Johnson
85%
2023 ARI 1040 James Conner
85%
2024 ARI 1094 James Conner
85%
2006 DEN 1025 Tatum Bell
85%
2008 TEN 1228 Chris Johnson
84%
2009 TEN 2006 Chris Johnson
84%
2010 TEN 1364 Chris Johnson
84%
2011 TEN 1047 Chris Johnson
84%
2012 TEN 1243 Chris Johnson
84%
2013 TEN 1077 Chris Johnson
84%
2005 KC 1750 Larry Johnson
84%
2006 KC 1789 Larry Johnson
84%
2022 JAX 1125 Travis Etienne
84%
2023 JAX 1008 Travis Etienne
84%
2010 PHI 1080 LeSean McCoy
83%
2011 PHI 1309 LeSean McCoy
83%
2013 PHI 1607 LeSean McCoy
83%
2014 PHI 1319 LeSean McCoy
83%
2016 BUF 1267 LeSean McCoy
83%
2017 BUF 1138 LeSean McCoy
83%
2004 CIN 1454 Rudi Johnson
83%
2005 CIN 1458 Rudi Johnson
83%
2006 CIN 1309 Rudi Johnson
83%
2015 STL 1106 Todd Gurley
83%
2017 LAR 1305 Todd Gurley
83%
2018 LAR 1251 Todd Gurley
83%
2023 PHI 1049 D'Andre Swift
82%
2022 SEA 1050 Kenneth Walker III
82%
2006 SF 1695 Frank Gore
81%
2007 SF 1102 Frank Gore
81%
2008 SF 1036 Frank Gore
81%
2009 SF 1120 Frank Gore
81%
2011 SF 1211 Frank Gore
81%
2012 SF 1214 Frank Gore
81%
2013 SF 1128 Frank Gore
81%
2014 SF 1106 Frank Gore
81%
2016 IND 1025 Frank Gore
81%
2017 KC 1327 Kareem Hunt
81%
2024 TB 1122 Bucky Irving
80%
2022 PHI 1269 Miles Sanders
80%
2013 DAL 1121 DeMarco Murray
79%
2014 DAL 1845 DeMarco Murray
79%
2016 TEN 1287 DeMarco Murray
79%
2000 STL 1359 Marshall Faulk
79%
2001 STL 1382 Marshall Faulk
79%
2001 SEA 1318 Shaun Alexander
79%
2002 SEA 1175 Shaun Alexander
79%
2003 SEA 1435 Shaun Alexander
79%
2004 SEA 1696 Shaun Alexander
79%
2005 SEA 1880 Shaun Alexander
79%
2015 OAK 1066 Latavius Murray
78%
2009 KC 1120 Jamaal Charles
77%
2010 KC 1467 Jamaal Charles
77%
2012 KC 1509 Jamaal Charles
77%
2013 KC 1287 Jamaal Charles
77%
2014 KC 1033 Jamaal Charles
77%
2023 MIA 1012 Raheem Mostert
77%
2010 HOU 1616 Arian Foster
75%
2011 HOU 1224 Arian Foster
75%
2012 HOU 1424 Arian Foster
75%
2014 HOU 1246 Arian Foster
75%
2000 IND 1709 Edgerrin James
75%
2003 IND 1259 Edgerrin James
75%
2004 IND 1548 Edgerrin James
75%
2005 IND 1506 Edgerrin James
75%
2006 ARI 1159 Edgerrin James
75%
2007 ARI 1222 Edgerrin James
75%
2000 DAL 1203 Emmitt Smith
75%
2001 DAL 1021 Emmitt Smith
75%
2009 JAX 1391 Maurice Jones-Drew
75%
2010 JAX 1324 Maurice Jones-Drew
75%
2011 JAX 1606 Maurice Jones-Drew
75%
2009 BAL 1339 Ray Rice
75%
2010 BAL 1220 Ray Rice
75%
2011 BAL 1364 Ray Rice
75%
2012 BAL 1143 Ray Rice
75%
2000 GB 1175 Ahman Green
74%
2001 GB 1387 Ahman Green
74%
2002 GB 1240 Ahman Green
74%
2003 GB 1883 Ahman Green
74%
2004 GB 1163 Ahman Green
74%
2006 GB 1059 Ahman Green
74%
2000 NYJ 1204 Curtis Martin
74%
2001 NYJ 1513 Curtis Martin
74%
2002 NYJ 1094 Curtis Martin
74%
2003 NYJ 1308 Curtis Martin
74%
2004 NYJ 1697 Curtis Martin
74%
2012 TB 1454 Doug Martin
74%
2015 TB 1402 Doug Martin
74%
2001 NE 1157 Antowain Smith
73%
2000 MIA 1139 Lamar Smith
73%
2024 DAL 1079 Rico Dowdle
73%
2000 MIN 1521 Robert Smith
73%
2000 NYG 1006 Tiki Barber
73%
2002 NYG 1387 Tiki Barber
73%
2003 NYG 1216 Tiki Barber
73%
2004 NYG 1518 Tiki Barber
73%
2005 NYG 1860 Tiki Barber
73%
2006 NYG 1662 Tiki Barber
73%
2017 JAX 1040 Leonard Fournette
72%
2019 JAX 1152 Leonard Fournette
72%
2000 PIT 1341 Jerome Bettis
71%
2001 PIT 1072 Jerome Bettis
71%
2000 BAL 1364 Jamal Lewis
70%
2002 BAL 1327 Jamal Lewis
70%
2003 BAL 2066 Jamal Lewis
70%
2004 BAL 1006 Jamal Lewis
70%
2006 BAL 1132 Jamal Lewis
70%
2007 CLE 1304 Jamal Lewis
70%
2008 CLE 1002 Jamal Lewis
70%
2016 NO 1043 Mark Ingram
70%
2017 NO 1124 Mark Ingram
70%
2019 BAL 1018 Mark Ingram
70%
2008 CHI 1238 Matt Forte
70%
2010 CHI 1069 Matt Forte
70%
2012 CHI 1094 Matt Forte
70%
2013 CHI 1339 Matt Forte
70%
2014 CHI 1038 Matt Forte
70%
2000 WAS 1318 Stephen Davis
70%
2001 WAS 1432 Stephen Davis
70%
2003 CAR 1444 Stephen Davis
70%
2018 SEA 1151 Chris Carson
68%
2019 SEA 1230 Chris Carson
68%
2001 KC 1555 Priest Holmes
68%
2002 KC 1615 Priest Holmes
68%
2003 KC 1420 Priest Holmes
68%
2022 NE 1040 Rhamondre Stevenson
68%
2010 TB 1007 LeGarrette Blount
67%
2016 NE 1161 LeGarrette Blount
67%
2012 WAS 1613 Alfred Morris
63%
2013 WAS 1275 Alfred Morris
63%
2014 WAS 1074 Alfred Morris
63%
2015 ATL 1056 Devonta Freeman
63%
2016 ATL 1079 Devonta Freeman
63%
2014 CIN 1124 Jeremy Hill
63%
2013 GB 1178 Eddie Lacy
62%
2014 GB 1139 Eddie Lacy
62%
2016 MIA 1272 Jay Ajayi
62%
2000 CIN 1435 Corey Dillon
61%
2001 CIN 1315 Corey Dillon
61%
2002 CIN 1311 Corey Dillon
61%
2004 NE 1635 Corey Dillon
61%
2000 TEN 1509 Eddie George
61%
2002 TEN 1165 Eddie George
61%
2003 TEN 1031 Eddie George
61%
2018 DEN 1037 Phillip Lindsay
60%
2019 DEN 1011 Phillip Lindsay
60%
2017 DEN 1007 CJ Anderson
59%
2014 MIA 1099 Lamar Miller
59%
2016 HOU 1073 Lamar Miller
59%
2007 TEN 1110 LenDale White
59%
2017 LAC 1105 Melvin Gordon
59%
2000 ATL 1024 Jamal Anderson
58%
2000 DEN 1487 Mike Anderson
58%
2005 DEN 1014 Mike Anderson
58%
2006 MIA 1008 Ronnie Brown
58%
2004 TEN 1067 Chris Brown
57%
2008 ATL 1699 Michael Turner
56%
2010 ATL 1371 Michael Turner
56%
2011 ATL 1340 Michael Turner
56%
2011 MIA 1086 Reggie Bush
55%
2013 DET 1006 Reggie Bush
55%
2009 CAR 1133 Jonathan Stewart
54%
2002 DEN 1508 Clinton Portis
53%
2003 DEN 1591 Clinton Portis
53%
2004 WAS 1315 Clinton Portis
53%
2005 WAS 1516 Clinton Portis
53%
2007 WAS 1262 Clinton Portis
53%
2008 WAS 1487 Clinton Portis
53%
2000 DET 1184 James Stewart
52%
2002 DET 1021 James Stewart
52%
2016 CHI 1313 Jordan Howard
52%
2017 CHI 1122 Jordan Howard
52%
2010 OAK 1157 Darren McFadden
51%
2015 DAL 1089 Darren McFadden
51%
2022 CHI 1143 Justin Fields
51%
2006 PHI 1217 Brian Westbrook
50%
2007 PHI 1333 Brian Westbrook
50%
2019 IND 1091 Marlon Mack
50%
2022 ATL 1035 Tyler Allgeier
50%
2021 WAS 1037 Antonio Gibson
47%
2006 ATL 1039 Michael Vick
47%
2010 CLE 1177 Peyton Hillis
47%
2000 TB 1133 Warrick Dunn
47%
2004 ATL 1106 Warrick Dunn
47%
2005 ATL 1416 Warrick Dunn
47%
2006 ATL 1140 Warrick Dunn
47%
2001 CHI 1183 Anthony Thomas
45%
2003 CHI 1024 Anthony Thomas
45%
2002 NO 1388 Deuce McAllister
45%
2003 NO 1641 Deuce McAllister
45%
2004 NO 1074 Deuce McAllister
45%
2006 NO 1057 Deuce McAllister
45%
2015 NYJ 1070 Chris Ivory
44%
2009 PIT 1108 Rashard Mendenhall
44%
2010 PIT 1273 Rashard Mendenhall
44%
2010 NE 1008 BenJarvus Green-Ellis
43%
2012 CIN 1094 BenJarvus Green-Ellis
43%
2011 SD 1091 Ryan Mathews
43%
2013 SD 1255 Ryan Mathews
43%
2011 NYJ 1054 Shonn Greene
43%
2012 NYJ 1063 Shonn Greene
43%
2013 DEN 1038 Knowshon Moreno
41%
2014 BAL 1266 Justin Forsett
40%
2010 NYG 1235 Ahmad Bradshaw
39%
2012 NYG 1015 Ahmad Bradshaw
39%
2000 CHI 1120 James Allen
39%
2005 PIT 1202 Willie Parker
37%
2006 PIT 1494 Willie Parker
37%
2007 PIT 1316 Willie Parker
37%
2006 IND 1081 Joseph Addai
36%
2007 IND 1072 Joseph Addai
36%
2004 BUF 1128 Willis McGahee
36%
2005 BUF 1247 Willis McGahee
36%
2007 BAL 1207 Willis McGahee
36%
2011 DEN 1199 Willis McGahee
36%
2009 CIN 1251 Cedric Benson
35%
2010 CIN 1111 Cedric Benson
35%
2011 CIN 1067 Cedric Benson
35%
2012 BUF 1244 CJ Spiller
35%
2001 SF 1206 Garrison Hearst
35%
2012 NE 1263 Stevan Ridley
35%
2019 HOU 1070 Carlos Hyde
32%
2000 SEA 1242 Ricky Watters
26%
2011 ARI 1047 Beanie Wells
23%
2008 GB 1203 Ryan Grant
22%
2009 GB 1253 Ryan Grant
22%
2002 PHI 1029 Duce Staley
17%
2005 OAK 1025 LaMont Jordan
17%
2008 NYG 1025 Derrick Ward
16%
2004 DEN 1240 Reuben Droughns
16%
2005 CLE 1232 Reuben Droughns
16%
2000 SF 1142 Charlie Garner
15%
2002 MIN 1296 Michael Bennett
14%
2008 HOU 1282 Steve Slaton
14%
2006 WAS 1154 Ladell Betts
10%
2001 IND 1104 Dominic Rhodes
9%
2007 OAK 1009 Justin Fargas
8%
2003 SF 1024 Kevan Barlow
7%
2000 OAK 1046 Tyrone Wheatley
5%
No matching quizzes found
Score Distribution
Percent of People with Each Score
Percentile by Number Answered
Your Score History
You have not taken this quiz